Click the Countries Quiz Stats

 Plays Quiz Updated Sep 1, 2015

Challenge
Share
Tweet
Embed
Score 0/25 Timer 05:00
0 Plays Today
% Correct
Australia
89.6%
Panama
89.1%
Vatican City
87.2%
India
86.7%
Russia
85.2%
Morocco
84.8%
Japan
84.1%
Iceland
83.7%
Denmark
82.9%
United States of America
81.5%
South Africa
81.4%
Taiwan
78.6%
South Sudan
78.5%
% Correct
Mali
76.4%
Egypt
72.9%
Philippines
69.9%
Azerbaijan
67.2%
Singapore
59.3%
Saudi Arabia
59.2%
Ecuador
58.2%
Canada
57.2%
Kyrgyzstan
55.5%
Peru
51.2%
Chile
50.2%
Bolivia
49.6%

You're not logged in!

Compare scores with friends on all Sporcle quizzes.
Join for Free
OR
Log In

You Might Also Like...

Show Comments

Extras

Top Quizzes Today


Score Distribution

Your Account Isn't Verified!

In order to create a playlist on Sporcle, you need to verify the email address you used during registration. Go to your Sporcle Settings to finish the process.

Report this User

Report this user for behavior that violates our Community Guidelines.

Details: